Podniková kultúra

Salvato in:
Dettagli Bibliografici
Autore principale: Kachaňáková, Anna (Autore)
Natura: Libro
Lingua:slovacco
Pubblicazione: Bratislava : Ekonóm, 2003
Edizione:1. vyd
Soggetti:
Accesso online:OBSAH
Tags: Aggiungi Tag
Nessun Tag, puoi essere il primo ad aggiungerne!!

MARC

LEADER 00000nam a22000003a 4500
001 stu84213
005 20150617225634.3
008 040224s2003----xo------------------slo-d
020 |a 80-225-1644-9 
040 |a STU  |b slo 
041 0 |a slo 
044 |a xo 
080 |a 65.011.1  |7 stu_us_auth*stu3736 
100 1 |a Kachaňáková, Anna  |4 aut 
245 1 |a Podniková kultúra 
250 |a 1. vyd 
260 |a Bratislava :  |b Ekonóm,  |c 2003 
300 |a 101 s 
650 7 |a kultúra podniková  |2 stusub 
856 4 |a https://sweb.mtf.stuba.sk/obsahy/podnikova_kultura_03.pdf  |u https://sweb.mtf.stuba.sk/obsahy/podnikova_kultura_03.pdf  |3 OBSAH 
996 |b 284M058668  |c M*11294-3  |l MMKN  |s A  |a 24  |w stu84213_0001 
996 |b 284M058669  |c M*11294-4  |l MMKN  |s A  |a 24  |w stu84213_0002 
996 |b 284M058666  |c M*11294-1  |l MMKN  |s A  |a 24  |w stu84213_0003 
996 |b 284M058667  |c M*11294-2  |l MMKN  |s A  |a 24  |w stu84213_0004 
996 |b 284M063758  |c M*11294-6  |l MMKN  |s A  |a 24  |w stu84213_0005 
996 |b 284M063759  |c M*11294-7  |l MMKN  |s A  |a 24  |w stu84213_0006 
996 |b 284M063760  |c M*11294-8  |l MMKN  |s A  |a 24  |w stu84213_0007